000 00995nam0a22002291 4500
001 rc\2764652
005 20260408024257.0
035 _a(NLR Aleph) 006891152
090 _a7148196
_c7148196
100 _a20110915d1940 |||y0rusy50 ca
101 0 _arus
102 _aRU
105 _aa z |||||
200 1 _aВременные руководящие указания по приемке электроустановок в жилых, общественных помещениях и производственных предприятиях мощностью до 50 квт 2-Н
_fЭнергосбыт - Киевэнерго
210 _aКиев
_cЭнергосбыт Киевэнерго
_d1940
215 _a114 с., 2 ненум. с., 1 вкл. л. табл.
_cчерт., схем.
_d17 см.
712 0 2 _aЭнергосбыт
_cКиев
_3RU\NLR\AUTH\8810185040
_9865938
801 0 _aRU
_bNLR
_gpsbo
801 1 _aRU
_bELAR
_2rusmarc
852 _aNLR
_j40-2/103
942 _cBOOK
980 _aNB